000 00466nam a2200145Ia 4500
008 230917s9999||||xx |||||||||||||| ||und||
040 _e174126
_aMAIN
041 _aEnglish
082 _a891.437731 NK153S
100 _aकन्हैयालाल नन्दन,सम्पा.
245 0 _aश्रेष्ठ हास्य कथाएँ
260 _aदिल्ली
_bपराग प्रकाशन
_c1976
300 _a155 p.
942 _cHN
999 _c180002
_d180002